[Event "Budapest FS08 GM"]
[Site "Budapest"]
[Date "2020.08.11"]
[Round "9"]
[White "Fogarasi, Tibor"]
[Black "Persanyi, Barnabas"]
[Result "1/2-1/2"]
[WhiteElo "2361"]
[BlackElo "2370"]
[PlyCount "92"]
[EventDate "2020.08.01"]
[EventType "tourn"]
[EventRounds "9"]
[EventCountry "HUN"]
[EventCategory "6"]
[SourceTitle "EXT 2021"]
[Source "ChessBase"]
[SourceDate "2020.10.23"]
[SourceVersion "1"]
[SourceVersionDate "2020.10.23"]
[SourceQuality "1"]

1. c4 b6 2. Nc3 Bb7 3. e4 e5 4. Nf3 Nc6 5. Be2 Bc5 6. 0-0 Nge7 7. Nxe5 Nxe5 8. d4 Bd6 9. dxe5 Bxe5 10. Nd5 Nxd5 11. cxd5 c5 12. Be3 Bxb2 13. Rb1 Qf6 14. f4 Bd4 15. Bxd4 Qxd4+ 16. Qxd4 cxd4 17. Rfc1 Kd8 18. Rb4 d6 19. Rxd4 Rc8 20. Rxc8+ Bxc8 21. Bb5 Bd7 22. a4 Re8 23. Kf2 Re7 24. Rc4 f6 25. Kf3 Bc8 26. Rc6 Rd7 27. a5 bxa5 28. Ba6 Bxa6 29. Rxa6 Kc8 30. Rxa5 Kb7 31. e5 Kb6 32. e6 Re7 33. Ra2 Kc5 34. Rd2 a5 35. Ke4 a4 36. Rc2+ Kb5 37. Kd4 a3 38. Rc8 Ra7 39. Rb8+ Ka4 40. Kc3 Rc7+ 41. Kd3 a2 42. Ra8+ Kb3 43. Rb8+ Ka3 44. Ra8+ Kb2 45. Rb8+ Ka3 46. Ra8+ Kb2 1/2-1/2

[Event "Budapest FS08 GM"]
[Site "Budapest"]
[Date "2020.08.05"]
[Round "5"]
[White "Kaczur, Florian"]
[Black "Persanyi, Barnabas"]
[Result "0-1"]
[WhiteElo "2507"]
[BlackElo "2370"]
[PlyCount "92"]
[EventDate "2020.08.01"]
[EventType "tourn"]
[EventRounds "9"]
[EventCountry "HUN"]
[EventCategory "6"]
[SourceTitle "EXT 2021"]
[Source "ChessBase"]
[SourceDate "2020.10.23"]
[SourceVersion "1"]
[SourceVersionDate "2020.10.23"]
[SourceQuality "1"]

1. e4 e5 2. Nf3 Nc6 3. Bb5 a6 4. Ba4 Nf6 5. 0-0 Nxe4 6. d4 b5 7. Bb3 d5 8. dxe5 Be6 9. Qe2 Be7 10. Rd1 0-0 11. c3 Nc5 12. Bc2 Bg4 13. h3 Bh5 14. Bf4 Bg6 15. Bxg6 hxg6 16. Nbd2 Qd7 17. Nf1 Ne6 18. Be3 Na5 19. b3 Rfd8 20. Rd2 c5 21. Rad1 Qc6 22. Ng3 Nb7 23. h4 a5 24. Bg5 Bxg5 25. Nxg5 Nxg5 26. hxg5 c4 27. bxc4 dxc4 28. a3 Rxd2 29. Rxd2 Rd8 30. Rxd8+ Nxd8 31. Ne4 Ne6 32. Qf3 Qc7 33. Nd6 b4 34. axb4 axb4 35. Qa8+ Kh7 36. g3 bxc3 37. Qh1+ Kg8 38. Qa8+ Qd8 39. Qf3 c2 40. Qc3 Nd4 41. Kh2 Qxg5 42. e6 c1Q 43. Qxc1 Qxc1 44. e7 Qe1 45. e8Q+ Qxe8 46. Nxe8 c3 0-1

[Event "Budapest FS08 GM"]
[Site "Budapest"]
[Date "2020.08.01"]
[Round "1"]
[White "Persanyi, Barnabas"]
[Black "Travadon, Loic"]
[Result "1-0"]
[WhiteElo "2370"]
[BlackElo "2431"]
[PlyCount "175"]
[EventDate "2020.08.01"]
[EventType "tourn"]
[EventRounds "9"]
[EventCountry "HUN"]
[EventCategory "6"]
[SourceTitle "EXT 2021"]
[Source "ChessBase"]
[SourceDate "2020.10.23"]
[SourceVersion "1"]
[SourceVersionDate "2020.10.23"]
[SourceQuality "1"]

1. Nf3 Nf6 2. g3 g6 3. Bg2 Bg7 4. 0-0 0-0 5. d4 d6 6. b3 b5 7. Bb2 Bb7 8. Nbd2 Nbd7 9. c4 bxc4 10. Nxc4 c5 11. Rc1 Rc8 12. dxc5 Nxc5 13. Bd4 a6 14. Qd2 Ne6 15. Ng5 Bxg2 16. Nxe6 fxe6 17. Kxg2 e5 18. Be3 Qd7 19. Nb6 Qb7+ 20. Kg1 Rxc1 21. Rxc1 d5 22. Bc5 d4 23. f3 Rd8 24. Nc4 e4 25. Qb4 Qxb4 26. Bxb4 exf3 27. Bxe7 Re8 28. Bxf6 Bxf6 29. exf3 Re2 30. a4 Be7 31. h4 Bc5 32. Rd1 Rc2 33. Nd2 Ba7 34. Ne4 Kf7 35. Kf1 Ke6 36. Rd2 Rc1+ 37. Ke2 Rb1 38. Rd3 Rb2+ 39. Kd1 Rg2 40. Rd2 Rg1+ 41. Ke2 Kd5 42. Rd3 h5 43. Rd1 Rg2+ 44. Kd3 Rb2 45. Nd2 Bc5 46. Rb1 Ra2 47. Rc1 Bb4 48. Rc2 Ra1 49. Rc4 Bc5 50. Ne4 Bb6 51. Nf6+ Kd6 52. Rc8 Re1 53. Ne4+ Kd7 54. Rg8 Re3+ 55. Kc4 Rxf3 56. Rg7+ Kd8 57. Rxg6 Kc7 58. b4 Re3 59. a5 Rxe4 60. Rxb6 Rg4 61. Rxa6 d3+ 62. Kxd3 Rxb4 63. Rg6 Kd7 64. Ke3 Ke7 65. Rg5 Kf6 66. Rxh5 Rb3+ 67. Kf4 Rb4+ 68. Kf3 Rb3+ 69. Kg4 Rb4+ 70. Kh3 Re4 71. Rb5 Ra4 72. h5 Kg7 73. g4 Ra1 74. Kh4 Kh6 75. g5+ Kg7 76. Rb7+ Kg8 77. h6 Rxa5 78. Kh5 Rc5 79. Re7 Kh8 80. Kg6 Rc6+ 81. Kf7 Kh7 82. Re6 Rc7+ 83. Kf6 Rc8 84. Re7+ Kg8 85. g6 Ra8 86. Re6 Rf8+ 87. Kg5 Ra8 88. h7+ 1-0

[Event "UKR-HUN online"]
[Site "Chess.com INT"]
[Date "2020.07.28"]
[Round "1.2"]
[White "Persanyi, Barnabas"]
[Black "Sidorika, Vladislav"]
[Result "1-0"]
[WhiteElo "2370"]
[BlackElo "2355"]
[PlyCount "99"]
[EventDate "2020.07.28"]
[EventType "team-match (rapid)"]
[EventRounds "2"]
[EventCountry "HUN"]
[SourceTitle "CBM 197 Extra"]
[Source "ChessBase"]
[SourceDate "2020.09.30"]
[SourceVersion "1"]
[SourceVersionDate "2020.09.30"]
[SourceQuality "1"]
[WhiteTeam "Hungary"]
[BlackTeam "Ukraine"]
[WhiteTeamCountry "HUN"]
[BlackTeamCountry "UKR"]

1. Nf3 d5 2. g3 Bg4 3. Bg2 Nd7 4. d4 Ngf6 5. 0-0 e6 6. Nbd2 Be7 7. Re1 0-0 8. e4 dxe4 9. Nxe4 Nxe4 10. Rxe4 Nf6 11. Re1 c5 12. c3 Bxf3 13. Bxf3 cxd4 14. Bxb7 Rb8 15. Bg2 dxc3 16. bxc3 Qxd1 17. Rxd1 Rfc8 18. Be3 Bc5 19. Bxc5 Rxc5 20. Rab1 Rxb1 21. Rxb1 g6 22. Rb3 a5 23. h3 Nd7 24. Bf1 Nf6 25. Bg2 Kf8 26. Kf1 Ke7 27. Ke2 Kd6 28. Rb6+ Ke7 29. Rb7+ Nd7 30. Kd3 Kd6 31. Ra7 h6 32. Ra6+ Ke7 33. Ra7 g5 34. c4 Kd6 35. Ra6+ Ke7 36. Ra7 f5 37. Kd4 e5+ 38. Kc3 h5 39. Bf3 h4 40. g4 e4 41. Be2 Kd6 42. gxf5 Rxf5 43. Rxd7+ Kxd7 44. Bg4 Ke6 45. Kd4 Kf6 46. Bxf5 Kxf5 47. c5 g4 48. hxg4+ Kf4 49. c6 h3 50. c7 1-0

[Event "HUN-ch rapid"]
[Site "Ajka"]
[Date "2020.07.19"]
[Round "12"]
[White "Persanyi, Barnabas"]
[Black "Farago, Sandor"]
[Result "1-0"]
[WhiteElo "2370"]
[BlackElo "2218"]
[PlyCount "143"]
[EventDate "2020.07.17"]
[EventType "swiss (rapid)"]
[EventRounds "13"]
[EventCountry "HUN"]
[SourceTitle "CBM 197 Extra"]
[Source "ChessBase"]
[SourceDate "2020.09.30"]
[SourceVersion "1"]
[SourceVersionDate "2020.09.30"]
[SourceQuality "1"]

1. c4 c5 2. g3 Nc6 3. Bg2 g6 4. Nc3 Bg7 5. d3 e6 6. e4 Nge7 7. Nge2 a6 8. 0-0 Rb8 9. Be3 Nd4 10. Rb1 d6 11. a3 0-0 12. b4 Nec6 13. Qd2 Re8 14. b5 axb5 15. Nxb5 Nxb5 16. Rxb5 Ra8 17. Rb3 Na5 18. Rbb1 Nc6 19. Rb3 Na5 20. Rbb1 Nc6 21. d4 cxd4 22. Nxd4 Ne5 23. Qc1 Nd3 24. Qc2 Nc5 25. Nb5 Ra6 26. Rfd1 Na4 27. Rxd6 Rxd6 28. Nxd6 Qxd6 29. Qxa4 Rd8 30. Bf3 Qe7 31. Qa5 h6 32. Bc5 Qe8 33. Qb5 e5 34. Qxe8+ Rxe8 35. Kg2 Be6 36. Be2 Rc8 37. Rb5 Bd7 38. Ra5 Bc6 39. f3 Rd8 40. Be3 f5 41. exf5 gxf5 42. Kf2 Kh7 43. c5 Kg6 44. Bb5 Bd5 45. Ra7 Bf6 46. a4 Bg5 47. f4 exf4 48. Bxf4 Bf6 49. Be3 Be4 50. a5 Bd4 51. a6 Bxe3+ 52. Kxe3 bxa6 53. Rxa6+ Kg7 54. c6 Bd5 55. c7 Rc8 56. Rd6 Bb7 57. Rd7+ Kf6 58. Kd4 Ke6 59. Kc5 h5 60. Kb6 Bf3 61. Rd8 Rxc7 62. Kxc7 h4 63. Bd7+ Ke5 64. Re8+ Kf6 65. Rf8+ Kg7 66. Rxf5 Be2 67. gxh4 Kh6 68. Rg5 Bh5 69. Kd6 Bf7 70. Ke7 Bc4 71. Kf6 Be2 72. Bg4 1-0

[Event "HUN-ch rapid"]
[Site "Ajka"]
[Date "2020.07.18"]
[Round "6"]
[White "Persanyi, Barnabas"]
[Black "Horvath, Jozsef"]
[Result "1/2-1/2"]
[WhiteElo "2370"]
[BlackElo "2438"]
[PlyCount "84"]
[EventDate "2020.07.17"]
[EventType "swiss (rapid)"]
[EventRounds "13"]
[EventCountry "HUN"]
[SourceTitle "CBM 197 Extra"]
[Source "ChessBase"]
[SourceDate "2020.09.30"]
[SourceVersion "1"]
[SourceVersionDate "2020.09.30"]
[SourceQuality "1"]

1. c4 c5 2. Nf3 Nf6 3. g3 g6 4. b3 Bg7 5. Bb2 d6 6. Bg2 e5 7. Nc3 Nc6 8. 0-0 0-0 9. Ne1 Be6 10. Nd5 Bxd5 11. cxd5 Ne7 12. e4 Nd7 13. Nc2 f5 14. d3 b5 15. f3 a5 16. a3 Nb6 17. Kh1 h5 18. a4 b4 19. Bc1 Kh7 20. Ne3 f4 21. Nc4 Nxc4 22. dxc4 Qd7 23. Kg1 g5 24. Ra2 Ng6 25. Kf2 Bh6 26. Ke1 Rf6 27. g4 hxg4 28. fxg4 Bf8 29. Bf3 Be7 30. h3 Rh8 31. Rh2 Kg8 32. Rfh1 Rf7 33. Ke2 Kf8 34. Bd2 Ke8 35. Be1 Kd8 36. Bf2 Kc7 37. Qf1 Kb6 38. Qd1 Rfh7 39. Qf1 Nh4 40. Bxh4 Rxh4 41. Qg2 Bf6 42. Kd1 R8h7 1/2-1/2

[Event "Budapest Aranytiz IM"]
[Site "Budapest"]
[Date "2019.08.17"]
[Round "2"]
[White "Luong, Phuong Hanh"]
[Black "Persanyi, Barnabas"]
[Result "0-1"]
[WhiteElo "2313"]
[BlackElo "2399"]
[PlyCount "146"]
[EventDate "2019.08.16"]
[EventType "tourn"]
[EventRounds "9"]
[EventCountry "HUN"]
[EventCategory "1"]
[SourceTitle "EXT 2020"]
[Source "ChessBase"]
[SourceDate "2019.10.17"]
[SourceVersion "1"]
[SourceVersionDate "2019.10.17"]
[SourceQuality "1"]

1. d4 Nf6 2. Nf3 e6 3. e3 b6 4. Bd3 Bb7 5. 0-0 d5 6. b3 Bd6 7. Bb2 0-0 8. Ne5 c5 9. Nd2 Nc6 10. a3 Rc8 11. Qf3 Ne7 12. dxc5 bxc5 13. Qh3 Ng6 14. Bxg6 hxg6 15. Rfd1 Qe7 16. Qh4 Rfd8 17. Ndf3 Ne4 18. Qg4 Nf6 19. Qa4 a6 20. Qh4 Ne4 21. Qg4 g5 22. h4 Bxe5 23. Nxe5 d4 24. exd4 gxh4 25. dxc5 Qxc5 26. Rxd8+ Rxd8 27. Qxh4 g5 28. Qg4 Qxf2+ 29. Kh2 Rd2 30. Nf3 Rxc2 31. Bd4 f5 32. Qh3 Qxg2+ 33. Qxg2 Rxg2+ 34. Kxg2 Nd2 35. Kf2 Nxf3 36. Bc3 Bd5 37. Rd1 g4 38. Kg3 Bxb3 39. Rd8+ Kf7 40. Kf4 Bd5 41. Rd7+ Kg6 42. Rg7+ Kh5 43. Ra7 Ng1 44. Be5 Nf3 45. Bc3 Ng1 46. Be5 Nh3+ 47. Kg3 Ng5 48. Rxa6 Ne4+ 49. Kh2 Kh4 50. Ra7 g3+ 51. Kg1 Kg4 52. Rf7 Kf3 53. Rg7 f4 54. Kf1 Ke3 55. Ke1 Nf2 56. Bc7 Nd3+ 57. Kf1 g2+ 58. Kg1 f3 59. Bb6+ Ke2 60. Rc7 Nf4 61. Kh2 e5 62. Rc2+ Kd3 63. Rc1 e4 64. Re1 Bc6 65. a4 Ne2 66. Ra1 Nc3 67. Ra3 Kc4 68. a5 Nd5 69. Bf2 Kb4 70. Ra1 e3 71. Be1+ Kb3 72. a6 Nf6 73. Bh4 f2 0-1